| 000 | 00812nam a2200253 i 4500 | ||
|---|---|---|---|
| 001 | 000031703 | ||
| 003 | DO-SdBNP | ||
| 005 | 20260218110331.0 | ||
| 007 | ta | ||
| 008 | 110303s1993 dr 000 0 spa d | ||
| 040 |
_aDO-SdBNP _bspa _cBNPHU _erda |
||
| 041 | _aspa | ||
| 082 | 4 |
_axxx _bxxx _222 |
|
| 111 | 2 |
_aFeria Nacional del Libro Ercilia Pepín _n(23 de abril al 2 de mayo. : _d1993 : _cSanto Domingo) _957974 |
|
| 245 | 1 | 0 | _aXXI Feria Nacional del libro Ercilia Pepín |
| 264 | 1 |
_aSanto Domingo : _bSecretaría de Estado de educación; _bA Tiempo Agenda Cultural, _c1993. |
|
| 300 |
_a31 paginas ; _c21 cm. |
||
| 336 |
_atexto _btxt _2rdacontent |
||
| 337 |
_asin mediación _bn _2rdamedia |
||
| 338 |
_avolumen _bnc _2rdacarrier |
||
| 590 | _aInventariado, 2023 / DG | ||
| 910 | _aDG | ||
| 942 |
_2ddc _cLF2 |
||
| 999 |
_c53672 _d53672 |
||